[Event "Bialystok Bieluczyk Memorial 5th"]
[Site "Bialystok"]
[Date "2013.??.??"]
[Round "2"]
[White "Khamitskiy, Sergei"]
[Black "Borawski, Jakub"]
[Result "1-0"]
[WhiteElo "2278"]
[BlackElo "2000"]
[PlyCount "65"]
[EventDate "2013.06.29"]
[EventType "swiss"]
[EventRounds "9"]
[EventCountry "POL"]
[SourceTitle "CBM 155 Extra"]
[Source "ChessBase"]
[SourceDate "2013.08.26"]
[SourceVersion "1"]
[SourceVersionDate "2013.08.26"]
[SourceQuality "1"]

1. d4 Nf6 2. c4 e6 3. g3 Bb4+ 4. Bd2 Qe7 5. Bg2 Nc6 6. Nf3 a5 7. 0-0 Bxd2 8. Nbxd2 d6 9. e4 e5 10. d5 Nb8 11. Ne1 0-0 12. Nd3 Na6 13. a3 Bg4 14. f3 Bd7 15. b4 c6 16. Rc1 cxd5 17. cxd5 Bb5 18. Nc4 Rac8 19. Qb3 a4 20. Qa2 Rc7 21. Bh3 Bd7 22. Bxd7 Nxd7 23. Na5 Rxc1 24. Rxc1 b6 25. Nc6 Qg5 26. Qe2 f5 27. f4 exf4 28. Nxf4 fxe4 29. Qxe4 Kh8 30. Re1 Nc7 31. Qe7 Qg4 32. Ne6 Nxe6 33. dxe6 1-0

[Event "Bialystok Bieluczyk Memorial 5th"]
[Site "Bialystok"]
[Date "2013.??.??"]
[Round "7"]
[White "Klimaszewski, Dariusz"]
[Black "Khamitskiy, Sergei"]
[Result "1/2-1/2"]
[WhiteElo "2212"]
[BlackElo "2278"]
[PlyCount "38"]
[EventDate "2013.06.29"]
[EventType "swiss"]
[EventRounds "9"]
[EventCountry "POL"]
[SourceTitle "CBM 155 Extra"]
[Source "ChessBase"]
[SourceDate "2013.08.26"]
[SourceVersion "1"]
[SourceVersionDate "2013.08.26"]
[SourceQuality "1"]

1. e4 e6 2. d4 d5 3. e5 c5 4. c3 Qb6 5. Nf3 Bd7 6. a3 Bb5 7. c4 dxc4 8. Nc3 Nc6 9. d5 0-0-0 10. d6 f6 11. Qc2 fxe5 12. Nxb5 Qxb5 13. Bxc4 Qb6 14. Bxe6+ Kb8 15. d7 Nf6 16. Bg5 Qa5+ 17. Bd2 Qb6 18. Bg5 Qa5+ 19. Bd2 Qb6 1/2-1/2

[Event "Bialystok Bieluczyk Memorial 5th"]
[Site "Bialystok"]
[Date "2013.??.??"]
[Round "5"]
[White "Rudnik, Anna"]
[Black "Khamitskiy, Sergei"]
[Result "0-1"]
[WhiteElo "1626"]
[BlackElo "2278"]
[PlyCount "78"]
[EventDate "2013.06.29"]
[EventType "swiss"]
[EventRounds "9"]
[EventCountry "POL"]
[SourceTitle "CBM 155 Extra"]
[Source "ChessBase"]
[SourceDate "2013.08.26"]
[SourceVersion "1"]
[SourceVersionDate "2013.08.26"]
[SourceQuality "1"]

1. e4 e6 2. d4 d5 3. Nc3 Bb4 4. e5 c5 5. a3 Ba5 6. Nf3 Ne7 7. Bd2 cxd4 8. Nxd4 Nbc6 9. Nb3 Bb6 10. f4 Nf5 11. Qf3 Bd7 12. Bd3 Nce7 13. g4 Nd4 14. Nxd4 Bxd4 15. h4 Qb6 16. Rb1 h5 17. gxh5 Bxc3 18. Bxc3 Bb5 19. Bd4 Qa6 20. c4 dxc4 21. Be4 Bc6 22. Bxc6+ Qxc6 23. Qxc6+ Nxc6 24. Bc5 Rxh5 25. Kd2 0-0-0+ 26. Kc3 b5 27. Rh3 Rd5 28. Bf8 g6 29. Rf1 Rh8 30. Bd6 Nd4 31. Be7 Kd7 32. Bf6 Rc8 33. h5 gxh5 34. Rxh5 Ne2+ 35. Kc2 c3 36. bxc3 Rxc3+ 37. Kb2 Rd2+ 38. Kb1 Rb3+ 39. Ka1 Nc3 0-1

[Event "EU-ch rapid"]
[Site "Warsaw"]
[Date "2012.12.15"]
[Round "3"]
[White "Khamitskiy, Sergei"]
[Black "Gajewski, Grzegorz"]
[Result "0-1"]
[WhiteElo "2281"]
[BlackElo "2644"]
[PlyCount "90"]
[EventDate "2012.12.15"]
[EventType "swiss (rapid)"]
[EventRounds "11"]
[EventCountry "POL"]
[SourceTitle "EXT 2014"]
[Source "ChessBase"]
[SourceDate "2013.11.20"]
[SourceVersion "1"]
[SourceVersionDate "2013.11.20"]
[SourceQuality "1"]

1. d4 Nf6 2. c4 e6 3. g3 d5 4. Bg2 Bb4+ 5. Nd2 0-0 6. Ngf3 dxc4 7. Qc2 b5 8. a4 bxa4 9. 0-0 Bb7 10. Nxc4 Nbd7 11. Qxa4 a5 12. Rd1 Nb6 13. Nxb6 cxb6 14. Bg5 Rc8 15. Rac1 Qd6 16. Bxf6 gxf6 17. Qb5 Rxc1 18. Rxc1 Bxf3 19. Bxf3 Qxd4 20. b3 Bc5 21. e3 Qb4 22. Qd3 Be7 23. Rc4 Qe1+ 24. Kg2 Rd8 25. Rg4+ Kh8 26. Qb5 f5 27. Rd4 Rxd4 28. exd4 Bf6 29. Qxb6 Qd2 30. d5 Bd4 31. Qd8+ Kg7 32. dxe6 Qxf2+ 33. Kh3 fxe6 34. Qg5+ Kf8 35. Qd8+ Kg7 36. Qe7+ Kg6 37. Qxe6+ Kg5 38. Qg8+ Kf6 39. Qxh7 Qxf3 40. Qh8+ Kg5 41. Qh4+ Kg6 42. Qxd4 Qxb3 43. Qd6+ Kh5 44. Qe5 Qf3 45. Qxa5 Qf1# 0-1

[Event "Polanica Zdroj op-B 48th"]
[Site "Polanica Zdroj"]
[Date "2012.08.25"]
[Round "8"]
[White "Khamitskiy, Sergei"]
[Black "Mroziak, Maciej"]
[Result "1/2-1/2"]
[WhiteElo "2273"]
[BlackElo "2197"]
[PlyCount "58"]
[EventDate "2012.08.18"]
[EventType "swiss"]
[EventRounds "9"]
[EventCountry "POL"]
[SourceTitle "EXT 2014"]
[Source "ChessBase"]
[SourceDate "2013.11.20"]
[SourceVersion "1"]
[SourceVersionDate "2013.11.20"]
[SourceQuality "1"]

1. d4 Nf6 2. c4 g6 3. Nc3 d5 4. Bf4 Bg7 5. e3 0-0 6. Rc1 c6 7. h3 Be6 8. b3 Nbd7 9. Nf3 Rc8 10. Ng5 Bf5 11. g4 Be4 12. f3 h6 13. Ngxe4 dxe4 14. fxe4 e5 15. Bg3 Qa5 16. Bg2 exd4 17. exd4 c5 18. 0-0 cxd4 19. Nb5 Nc5 20. Bd6 Nfxe4 21. b4 Qxb4 22. Bxe4 Rfd8 23. Bd5 a6 24. a3 Qb3 25. Rxf7 Kh8 26. Rxg7 Qe3+ 27. Kg2 Kxg7 28. Bxc5 Rxc5 29. Qxd4+ Qxd4 1/2-1/2

[Event "Polanica Zdroj op-B 48th"]
[Site "Polanica Zdroj"]
[Date "2012.08.23"]
[Round "6"]
[White "Khamitskiy, Sergei"]
[Black "Wiewiora, Eneasz"]
[Result "1/2-1/2"]
[WhiteElo "2273"]
[BlackElo "2152"]
[PlyCount "95"]
[EventDate "2012.08.18"]
[EventType "swiss"]
[EventRounds "9"]
[EventCountry "POL"]
[SourceTitle "EXT 2014"]
[Source "ChessBase"]
[SourceDate "2013.11.20"]
[SourceVersion "1"]
[SourceVersionDate "2013.11.20"]
[SourceQuality "1"]

1. d4 Nf6 2. c4 g6 3. Nc3 Bg7 4. e4 d6 5. h3 0-0 6. Nf3 Na6 7. Bg5 Qe8 8. Be2 e5 9. d5 Nh5 10. g3 f6 11. Bd2 f5 12. exf5 gxf5 13. Nh4 Nf6 14. Qc2 e4 15. 0-0-0 Nd7 16. g4 Nb4 17. Qa4 Nd3+ 18. Bxd3 Nc5 19. Qxe8 Nxd3+ 20. Kc2 Rxe8 21. Rhg1 fxg4 22. hxg4 Nxf2 23. Rde1 Nxg4 24. Nxe4 Bd7 25. c5 Bd4 26. Rgf1 dxc5 27. Nf5 Bxf5 28. Rxf5 Re5 29. Nf6+ Nxf6 30. Rexe5 Bxe5 31. Rxe5 Re8 32. Rf5 Ne4 33. Bh6 c4 34. Rf4 b5 35. Rg4+ Kf7 36. Rg7+ Kf6 37. Rxc7 Re7 38. d6 Rxc7 39. dxc7 Nd6 40. Bf4 Nc8 41. Kc3 Ke6 42. Kb4 a6 43. a4 Kd5 44. axb5 axb5 45. Kxb5 h5 46. Kb4 h4 47. b3 cxb3 48. Kxb3 1/2-1/2

[Event "Kujawsko Pomorskie-ch op-A 65th"]
[Site "Szubin"]
[Date "2012.08.15"]
[Round "3.1"]
[White "Bokiej, Przemyslaw"]
[Black "Khamitskiy, Sergei"]
[Result "1/2-1/2"]
[WhiteElo "2193"]
[BlackElo "2273"]
[PlyCount "73"]
[EventDate "2012.08.09"]
[EventType "swiss"]
[EventRounds "9"]
[EventCountry "POL"]
[SourceTitle "EXT 2023"]
[Source "ChessBase"]
[SourceDate "2022.10.05"]
[SourceVersion "1"]
[SourceVersionDate "2022.10.05"]
[SourceQuality "1"]

1. e4 e6 2. d4 d5 3. Nd2 Nf6 4. e5 Nfd7 5. Bd3 c5 6. c3 Nc6 7. Ne2 cxd4 8. cxd4 f6 9. exf6 Qxf6 10. Nf3 h6 11. 0-0 Bd6 12. Ng3 0-0 13. Bc2 Rf7 14. Qd3 Nf8 15. a3 Bd7 16. Be3 Be8 17. Qd2 Rc7 18. Rac1 Rac8 19. Ne1 Bg6 20. Ne2 Bxc2 21. Rxc2 Ng6 22. Nf3 Qf5 23. Rcc1 Rf8 24. Ng3 Qf7 25. Rcd1 Nce7 26. Rc1 Nc6 27. Rcd1 Nge7 28. Rc1 Nf5 29. Rcd1 Nfe7 30. Rc1 a6 31. Rfe1 Ng6 32. Rcd1 Rfc8 33. Qe2 Nf8 34. Qd2 Ne7 35. Rc1 Nf5 36. Rxc7 Rxc7 37. Ne2 1/2-1/2